| 000 | 00977cam a2200253 a 4500 | ||
|---|---|---|---|
| 999 |
_c57855 _d57855 |
||
| 001 | 16602859 | ||
| 003 | Ge_BSU | ||
| 005 | 20210317173337.0 | ||
| 008 | 110107s2011 cau b 001 0 eng | ||
| 020 | _a9780313386404 (hard copy : alk. paper) | ||
| 041 | _aeng | ||
| 080 | _a327.51 P-33 | ||
| 100 | 1 |
_aPaul, Christopher. _910530 |
|
| 245 | 1 | 0 |
_aStrategic communication : _borigins, concepts, and current debates / _cChristopher Paul. |
| 264 |
_aSanta Barbara, CA : _bPraeger, _c2011. |
||
| 300 |
_a240 p. ; _c25 cm. |
||
| 490 | 0 | _aContemporary military, strategic, and security issues | |
| 504 | _a bibliogr. p. [217]-229) and index. | ||
| 650 | 0 |
_aCommunication policy _zUnited States. _910531 |
|
| 650 | 0 |
_aCommunication, International. _910532 |
|
| 653 | _aსტრატეგიული კომუნიკაცია | ||
| 653 | _aწარმოშობა, კონცეფციები და მიმდინარეობა | ||
| 942 |
_2udc _cBK |
||